Neural engineering : (Record no. 182631)
[ view plain ]
| 000 -LEADER | |
|---|---|
| fixed length control field | 01208 a2200241 4500 |
| 003 - CONTROL NUMBER IDENTIFIER | |
| control field | Nust |
| 005 - DATE AND TIME OF LATEST TRANSACTION | |
| control field | 20221013131013.0 |
| 010 ## - LIBRARY OF CONGRESS CONTROL NUMBER | |
| LC control number | 2002070166 |
| 020 ## - INTERNATIONAL STANDARD BOOK NUMBER | |
| International Standard Book Number | 8120324641 |
| 040 ## - CATALOGING SOURCE | |
| Transcribing agency | Nust |
| 082 00 - DEWEY DECIMAL CLASSIFICATION NUMBER | |
| Classification number | 573.8,ELI |
| 100 1# - MAIN ENTRY--PERSONAL NAME | |
| Personal name | Eliasmith, Chris. |
| 9 (RLIN) | 100155 |
| 245 10 - TITLE STATEMENT | |
| Title | Neural engineering : |
| Remainder of title | computation, representation, and dynamics in neurobiological systems / |
| Statement of responsibility, etc. | Chris Eliasmith and Charles H. Anderson. |
| 260 ## - PUBLICATION, DISTRIBUTION, ETC. | |
| Place of publication, distribution, etc. | Cambridge, Mass. : |
| Name of publisher, distributor, etc. | MIT Press, |
| Date of publication, distribution, etc. | c2003. |
| 300 ## - PHYSICAL DESCRIPTION | |
| Extent | xii, 356 p. : |
| Other physical details | ill. ; |
| Dimensions | 24 cm. |
| 440 #0 - SERIES STATEMENT/ADDED ENTRY--TITLE | |
| Title | Computational neuroscience |
| 9 (RLIN) | 81284 |
| 505 ## - FORMATTED CONTENTS NOTE | |
| Formatted contents note | Of Neurons and Engineers (Page-1), Representation in Populations of Neurons (Page-29), Extending Population Representation (Page-61), Temporal Representation in Spiking Neurons (Page-81), Population-Temporal Representation (Page-129), Feed-Forward Transformations (Page-143), Analyzing Representation and Transformation (Page-185), Dynamic Transformations (Page-221), Statistical Inference and Learning (Page-275). |
| 650 #0 - SUBJECT ADDED ENTRY--TOPICAL TERM | |
| Topical term or geographic name entry element | Computational neuroscience. |
| 9 (RLIN) | 81287 |
| 650 #0 - SUBJECT ADDED ENTRY--TOPICAL TERM | |
| Topical term or geographic name entry element | Neural networks (Computer science) |
| 9 (RLIN) | 18586 |
| 650 #0 - SUBJECT ADDED ENTRY--TOPICAL TERM | |
| Topical term or geographic name entry element | Neural networks (Neurobiology) |
| 9 (RLIN) | 81289 |
| 700 1# - ADDED ENTRY--PERSONAL NAME | |
| Personal name | Anderson, C. H. |
| 9 (RLIN) | 100156 |
| 942 ## - ADDED ENTRY ELEMENTS (KOHA) | |
| Source of classification or shelving scheme | |
| Koha item type | Book |
| Withdrawn status | Lost status | Source of classification or shelving scheme | Damaged status | Not for loan | Permanent Location | Current Location | Shelving location | Date acquired | Full call number | Barcode | Date last seen | Price effective from | Koha item type | Public note |
|---|---|---|---|---|---|---|---|---|---|---|---|---|---|---|
| Military College of Signals (MCS) | Military College of Signals (MCS) | General Stacks | 12/12/2016 | 573.8,ELI | MCS30828 | 12/08/2016 | 12/12/2016 | Book | Almirah No.25, Shelf No.6 |
